[Event "1. Bundesliga 2014/2015"]
[Site "Feffernitz, St. Veit/Glan, Mayrhofen"]
[Date "2015.02.28"]
[Round "7"]
[Board "2"]
[White "Kilgus, Georg"]
[Black "Schlosser, Philipp"]
[Result "1/2-1/2"]
[WhiteElo "2429"]
[BlackElo "2571"]
[PlyCount "132"]
[EventDate "2014.11.20"]
[EventType "team"]
[EventRounds "11"]
[EventCountry "AUT"]
[WhiteTeam "Spk. Grieskirchen/Schallerbach"]
[BlackTeam "Sparkasse Jenbach"]

1.Nf3 g6 2.d4 Bg7 3.e4 d6 4.c4 Bg4 5.Be2 Nc6 6.Be3 e5 7.d5 Bxf3 8.Bxf3 Nd4 9.Bxd4
exd4 10.O-O Ne7 11.Qd3 O-O 12.Nd2 c5 13.g3 Nc8 14.Bg4 Nb6 15.f4 Na4 16.Rab1 a6 17.Bd1
Nb6 18.b3 Nd7 19.Bg4 b5 20.cxb5 axb5 21.Qxb5 f5 22.exf5 gxf5 23.Bh3 Nb6 24.a4 Kh8
25.Bg2 Re8 26.Rfe1 Re3 27.a5 Qe7 28.Red1 Nd7 29.Nc4 Nf6 30.Qc6 Rd8 31.a6 Ne4 32.Qb7
Nc3 33.Qxe7 Rxe7 34.Re1 Ra7 35.Ra1 d3 36.Bf1 Nxd5 37.Rad1 Bd4+ 38.Kh1 Rxa6 39.Bxd3
Nc3 40.Rd2 Ne4 41.Bxe4 fxe4 42.Rxe4 d5 43.Rexd4 cxd4 44.Rxd4 Ra2 45.Rd2 Rda8 46.Rxa2
Rxa2 47.Ne5 Kg7 48.Kg1 Kf6 49.g4 d4 50.h4 Ke6 51.h5 Kd5 52.g5 Ke4 53.g6 hxg6 54.hxg6
Kxf4 55.g7 Ra8 56.Ng6+ Kg3 57.Kf1 Kf3 58.Ne5+ Ke4 59.Nd7 d3 60.Kf2 Ra2+ 61.Kg3 Ra1
62.g8=Q Rg1+ 63.Kf2 Rxg8 64.Nf6+ Kd4 65.Nxg8 Kc3 66.Nf6 Kxb3 1/2-1/2

[Event "1. Bundesliga 2014/2015"]
[Site "Feffernitz, St. Veit/Glan, Mayrhofen"]
[Date "2015.02.28"]
[Round "7"]
[Board "3"]
[White "Acs, Peter"]
[Black "Schwabeneder, Florian"]
[Result "1-0"]
[WhiteElo "2594"]
[BlackElo "2320"]
[PlyCount "65"]
[EventDate "2014.11.20"]
[EventType "team"]
[EventRounds "11"]
[EventCountry "AUT"]
[WhiteTeam "Sparkasse Jenbach"]
[BlackTeam "Spk. Grieskirchen/Schallerbach"]

1.e4 e6 2.d4 d5 3.Nc3 Nc6 4.e5 f6 5.Bb5 Bd7 6.Nf3 Qe7 7.O-O Qf7 8.Re1 Nge7 9.b4 O-O-O
10.Rb1 Ng6 11.Bxc6 Bxc6 12.a4 fxe5 13.b5 Bd7 14.dxe5 Bc5 15.Bg5 Rdf8 16.a5 h6 17.Be3
Bxe3 18.Rxe3 Kb8 19.Na4 Qe7 20.g3 Rf5 21.Qe2 Rhf8 22.Rbb3 c5 23.bxc6 Bxc6 24.Nb2 Qc5
25.Qd2 Rxf3 26.Rxf3 Rxf3 27.Rxf3 Nxe5 28.Qf4 Qd6 29.Re3 Nc4 30.Nxc4 Qxf4 31.gxf4 dxc4
32.Rxe6 Kc8 33.c3 1-0

[Event "1. Bundesliga 2014/2015"]
[Site "Feffernitz, St. Veit/Glan, Mayrhofen"]
[Date "2015.02.28"]
[Round "7"]
[Board "4"]
[White "Singer, Christoph"]
[Black "Shengelia, David"]
[Result "0-1"]
[WhiteElo "2358"]
[BlackElo "2560"]
[PlyCount "52"]
[EventDate "2014.11.20"]
[EventType "team"]
[EventRounds "11"]
[EventCountry "AUT"]
[WhiteTeam "Spk. Grieskirchen/Schallerbach"]
[BlackTeam "Sparkasse Jenbach"]

1.e4 c5 2.Nf3 Nc6 3.Bb5 e6 4.O-O Nge7 5.Re1 Nd4 6.Bf1 Nec6 7.c3 Nxf3+ 8.Qxf3 Be7 9.Qg3
O-O 10.d3 Kh8 11.Nd2 d6 12.Nc4 f5 13.e5 d5 14.Nd2 g5 15.f4 gxf4 16.Qxf4 Rg8 17.Nf3
d4 18.Bd2 b6 19.Qh6 Rg6 20.Qh5 Bb7 21.c4 Qg8 22.Kf2 Qg7 23.Bf4 Nb4 24.Rec1 Rxg2+ 25.Bxg2
Nxd3+ 26.Kf1 Nxf4 0-1

[Event "1. Bundesliga 2014/2015"]
[Site "Feffernitz, St. Veit/Glan, Mayrhofen"]
[Date "2015.02.28"]
[Round "7"]
[Board "5"]
[White "Boensch, Uwe"]
[Black "Lentrodt, Thomas"]
[Result "1-0"]
[WhiteElo "2541"]
[BlackElo "2271"]
[PlyCount "77"]
[EventDate "2014.11.20"]
[EventType "team"]
[EventRounds "11"]
[EventCountry "AUT"]
[WhiteTeam "Sparkasse Jenbach"]
[BlackTeam "Spk. Grieskirchen/Schallerbach"]

1.d4 Nf6 2.c4 e6 3.Nc3 d5 4.cxd5 Nxd5 5.Nf3 c5 6.e3 cxd4 7.exd4 Nxc3 8.bxc3 Be7 9.Bd3
Nd7 10.O-O O-O 11.c4 Qc7 12.Qe2 Bf6 13.Qe4 g6 14.Bf4 Qd8 15.Rab1 Bg7 16.Bg5 Qc7 17.Rfe1
Re8 18.Qh4 f6 19.Bf4 Qd8 20.Qg3 Nf8 21.Be4 Qd7 22.h4 Qa4 23.c5 Re7 24.Bd6 Rf7 25.Rb2
Bd7 26.Bxb7 Re8 27.Reb1 a6 28.Be4 Bb5 29.Qf4 Bc4 30.Rc1 Bd5 31.Bxd5 exd5 32.c6 Ne6
33.Qd2 Nc7 34.Rb4 Qa3 35.Bc5 Qa5 36.Bb6 Qa3 37.Bc5 Qa5 38.a4 Na8 39.Rb8 1-0

[Event "1. Bundesliga 2014/2015"]
[Site "Feffernitz, St. Veit/Glan, Mayrhofen"]
[Date "2015.02.28"]
[Round "7"]
[Board "6"]
[White "Obermayr, Hermann"]
[Black "Lehner, Oliver"]
[Result "1/2-1/2"]
[WhiteElo "2182"]
[BlackElo "2425"]
[PlyCount "126"]
[EventDate "2014.11.20"]
[EventType "team"]
[EventRounds "11"]
[EventCountry "AUT"]
[WhiteTeam "Spk. Grieskirchen/Schallerbach"]
[BlackTeam "Sparkasse Jenbach"]

1.d4 Nf6 2.c4 g6 3.Nc3 Bg7 4.Nf3 O-O 5.Bg5 c5 6.d5 h6 7.Bh4 d6 8.e3 g5 9.Bg3 Nh5 10.Qc2
e6 11.Be2 f5 12.Nd2 Nxg3 13.hxg3 a6 14.a4 Nd7 15.a5 Nf6 16.Bd3 Ng4 17.Be2 Nf6 18.Bd3
Ng4 19.Be2 exd5 20.Nxd5 Ne5 21.O-O Be6 22.f4 Nc6 23.Nb3 Bxd5 24.cxd5 Nb4 25.Qd2 Qf6
26.Rab1 Rae8 27.Rfe1 g4 28.Bc4 Re4 29.Qc1 Rfe8 30.Kf2 h5 31.Nd2 R4e7 32.Nf1 h4 33.Re2
Re4 34.Ra1 Qh6 35.Ra3 Bf6 36.Kg1 Qg7 37.gxh4 Bxh4 38.g3 Bf6 39.Rh2 Kf7 40.Rb3 Rh8
41.Rxh8 Qxh8 42.Rxb4 cxb4 43.Bd3 Bxb2 44.Qc7+ Re7 45.Qxd6 Qf6 46.Qxb4 Rd7 47.Qa4 Rc7
48.Qb3 Kg6 49.Qd1 Kg7 50.Qb3 Bc3 51.Qb1 Qd6 52.Bxf5 Qxd5 53.Bxg4 Bxa5 54.Qb2+ Bc3
55.Qe2 b5 56.Bf3 Qc4 57.Qh2 b4 58.Qh5 Qf7 59.Qg5+ Qg6 60.Qd8 Qf7 61.Qg5+ Qg6 62.Qd8
Qf7 63.Qg5+ Qg6 1/2-1/2

[Event "1. Bundesliga 2014/2015"]
[Site "Feffernitz, St. Veit/Glan, Mayrhofen"]
[Date "2015.02.28"]
[Round "7"]
[Board "1"]
[White "Ragger, Markus"]
[Black "Luther, Thomas"]
[Result "1/2-1/2"]
[WhiteElo "2661"]
[BlackElo "2570"]
[PlyCount "91"]
[EventDate "2014.11.20"]
[EventType "team"]
[EventRounds "11"]
[EventCountry "AUT"]
[WhiteTeam "Schachclub MPOE Maria Saal"]
[BlackTeam "SK Absam"]

1.d4 e6 2.Nf3 Nf6 3.c4 b6 4.g3 Bb7 5.Bg2 g6 6.Nc3 Ne4 7.d5 Nxc3 8.Qd4 f6 9.Qxc3 exd5
10.cxd5 Bxd5 11.O-O Nc6 12.Rd1 Bb4 13.Qe3+ Be6 14.Ng5 fxg5 15.Bxc6 O-O 16.Bxa8 Qxa8
17.Qxg5 Bc5 18.Be3 Bh3 19.Qd5+ Qxd5 20.Rxd5 Bxe3 21.fxe3 Re8 22.Rd3 Re5 23.Rc1 c6
24.Rc4 h5 25.Rb4 b5 26.Ra3 a5 27.Rxa5 Rc5 28.Kf2 Rc1 29.Kf3 Rf1+ 30.Ke4 Rf2 31.Kd3
Rxh2 32.a4 Bf1 33.Ra8+ Kg7 34.a5 c5 35.Rf4 Bxe2+ 36.Ke4 Bg4 37.a6 Rxb2 38.Rff8 Ra2
39.Rg8+ Kf6 40.Rgf8+ Kg5 41.a7 Bh3 42.Kd5 c4 43.Kc5 Bg2 44.e4 c3 45.Kd4 c2 46.Rac8 1/2-1/2

[Event "1. Bundesliga 2014/2015"]
[Site "Feffernitz, St. Veit/Glan, Mayrhofen"]
[Date "2015.02.28"]
[Round "7"]
[Board "2"]
[White "Dizdar, Goran"]
[Black "Rapport, Richard"]
[Result "1/2-1/2"]
[WhiteElo "2500"]
[BlackElo "2709"]
[PlyCount "98"]
[EventDate "2014.11.20"]
[EventType "team"]
[EventRounds "11"]
[EventCountry "AUT"]
[WhiteTeam "SK Absam"]
[BlackTeam "Schachclub MPOE Maria Saal"]

1.d4 d5 2.c4 e6 3.Nf3 Nf6 4.e3 Nbd7 5.b3 Bb4+ 6.Nbd2 Bc3 7.Rb1 e5 8.Qc2 exd4 9.exd4
Bb4 10.Be2 O-O 11.O-O b6 12.Ne5 Bb7 13.Ndf3 Be7 14.Bf4 Rc8 15.b4 dxc4 16.Bxc4 Nd5
17.Bxd5 Bxd5 18.Nc6 Bxc6 19.Qxc6 Nf6 20.Bg5 Qd5 21.Rfc1 Qxc6 22.Rxc6 Nd5 23.Bxe7 Nxe7
24.Rc2 f6 25.g3 Nd5 26.b5 Rfe8 27.Kf1 Kf7 28.Re1 a6 29.bxa6 Ra8 30.Rb1 Re6 31.a4 Rxa6
32.Rc4 Ke7 33.Nd2 Kd7 34.Nb3 Rc6 35.Rbc1 Rxc4 36.Rxc4 Ra8 37.Ke1 h5 38.Kd2 c6 39.Kd3
Kc7 40.Nc1 Kd6 41.Nb3 b5 42.axb5 cxb5 43.Rc5 Ra2 44.Rxb5 Rxf2 45.Nd2 Rxh2 46.Ne4+
Ke6 47.Nc5+ Kd6 48.Ne4+ Ke6 49.Nc5+ Kd6 1/2-1/2

[Event "1. Bundesliga 2014/2015"]
[Site "Feffernitz, St. Veit/Glan, Mayrhofen"]
[Date "2015.02.28"]
[Round "7"]
[Board "3"]
[White "Predojevic, Borki"]
[Black "Rotstein, Arkadij"]
[Result "1-0"]
[WhiteElo "2618"]
[BlackElo "2500"]
[PlyCount "81"]
[EventDate "2014.11.20"]
[EventType "team"]
[EventRounds "11"]
[EventCountry "AUT"]
[WhiteTeam "Schachclub MPOE Maria Saal"]
[BlackTeam "SK Absam"]

1.e4 c5 2.Nf3 e6 3.d4 cxd4 4.Nxd4 a6 5.c4 Nf6 6.Nc3 Qc7 7.Be2 b6 8.Be3 Bb7 9.f3 Be7
10.Qd2 O-O 11.O-O Nc6 12.Rfd1 Ne5 13.Rac1 Ng6 14.Bf1 Rab8 15.Kh1 Ba8 16.a3 Rfc8 17.b4
Qd8 18.Na4 d6 19.Nb3 Nd7 20.Qa2 Qe8 21.Qf2 Nc5 22.bxc5 bxc5 23.Naxc5 dxc5 24.Nxc5
Ne5 25.Nxa6 Rb3 26.Bd4 Nc6 27.Bc5 Bxc5 28.Nxc5 Rxa3 29.Nd7 Rd8 30.Nb6 Bb7 31.c5 h6
32.Nc4 Raa8 33.Nd6 Qe7 34.Rb1 Ba6 35.Rb6 Bxf1 36.Rxc6 Bc4 37.Rb6 Ra2 38.Rb2 Rxb2 39.Qxb2
e5 40.h3 Qc7 41.Qxe5 1-0

[Event "1. Bundesliga 2014/2015"]
[Site "Feffernitz, St. Veit/Glan, Mayrhofen"]
[Date "2015.02.28"]
[Round "7"]
[Board "4"]
[White "Deglmann, Ludwig"]
[Black "Buhmann, Rainer"]
[Result "1/2-1/2"]
[WhiteElo "2374"]
[BlackElo "2583"]
[PlyCount "80"]
[EventDate "2014.11.20"]
[EventType "team"]
[EventRounds "11"]
[EventCountry "AUT"]
[WhiteTeam "SK Absam"]
[BlackTeam "Schachclub MPOE Maria Saal"]

1.d4 d5 2.c4 e6 3.Nc3 Nf6 4.cxd5 exd5 5.Bg5 Nbd7 6.e3 h6 7.Bh4 Be7 8.Bd3 O-O 9.Nge2
Re8 10.O-O c6 11.Qc2 Ne4 12.Bxe7 Qxe7 13.Rae1 Ndf6 14.f3 Nxc3 15.Nxc3 Be6 16.Qf2 Qd6
17.Bb1 b6 18.Rd1 Rad8 19.h3 c5 20.Rfe1 Qc7 21.a3 a6 22.g4 Re7 23.Kg2 Rde8 24.Qg3 Qa7
25.Qf4 Qc7 26.Qxc7 Rxc7 27.e4 cxd4 28.Rxd4 dxe4 29.Nxe4 Nxe4 30.Bxe4 b5 31.Rd6 a5
32.Bd3 Rb8 33.Re5 Bc4 34.Bxc4 bxc4 35.Rd2 Rcb7 36.Rxa5 Rxb2 37.Rxb2 Rxb2+ 38.Kg3 g5
39.Rc5 Ra2 40.Rxc4 Rxa3 1/2-1/2

[Event "1. Bundesliga 2014/2015"]
[Site "Feffernitz, St. Veit/Glan, Mayrhofen"]
[Date "2015.02.28"]
[Round "7"]
[Board "5"]
[White "Naumann, Alexander"]
[Black "De Francesco, Klaus"]
[Result "1-0"]
[WhiteElo "2542"]
[BlackElo "2237"]
[PlyCount "49"]
[EventDate "2014.11.20"]
[EventType "team"]
[EventRounds "11"]
[EventCountry "AUT"]
[WhiteTeam "Schachclub MPOE Maria Saal"]
[BlackTeam "SK Absam"]

1.d4 Nf6 2.c4 e6 3.Nc3 Bb4 4.Qc2 d5 5.cxd5 exd5 6.Bg5 h6 7.Bh4 c5 8.dxc5 Nc6 9.e3
g5 10.Bg3 Ne4 11.Bd3 Bxc3+ 12.bxc3 Nxg3 13.hxg3 Qa5 14.Nf3 g4 15.Nd4 Qxc5 16.Rh5 Be6
17.Rb1 O-O-O 18.Qb2 Na5 19.c4 Kb8 20.e4 Rhe8 21.Kf1 Re7 22.cxd5 Nc4 23.Bxc4 Qxc4+
24.Kg1 Ka8 25.Rc1 1-0

[Event "1. Bundesliga 2014/2015"]
[Site "Feffernitz, St. Veit/Glan, Mayrhofen"]
[Date "2015.02.28"]
[Round "7"]
[Board "6"]
[White "Gerhold, Michael"]
[Black "Kreisl, Robert"]
[Result "1/2-1/2"]
[WhiteElo "2217"]
[BlackElo "2421"]
[PlyCount "67"]
[EventDate "2014.11.20"]
[EventType "team"]
[EventRounds "11"]
[EventCountry "AUT"]
[WhiteTeam "SK Absam"]
[BlackTeam "Schachclub MPOE Maria Saal"]

1.Nf3 c5 2.e4 Nc6 3.d4 cxd4 4.Nxd4 e6 5.Nxc6 bxc6 6.Bd3 Nf6 7.Qe2 d5 8.Nd2 Qc7 9.O-O
Bd6 10.Re1 Bxh2+ 11.Kh1 Bf4 12.c4 dxe4 13.Nxe4 Bxc1 14.Nxf6+ gxf6 15.Raxc1 Rb8 16.c5
Rb4 17.g3 h5 18.a3 Rd4 19.Qe3 Qd7 20.Be4 h4 21.g4 e5 22.f3 Ke7 23.Rc3 Rd8 24.b4 Ba6
25.Qh6 Rd1 26.Rc1 Rxc1 27.Rxc1 Bb5 28.Qxh4 Qd2 29.Rg1 Rg8 30.Rg2 Qc1+ 31.Rg1 Qd2 32.Rg2
Qc1+ 33.Rg1 Qd2 34.Rg2 1/2-1/2

[Event "1. Bundesliga 2014/2015"]
[Site "Feffernitz, St. Veit/Glan, Mayrhofen"]
[Date "2015.02.28"]
[Round "7"]
[Board "1"]
[White "Rozentalis, Eduardas"]
[Black "Prohaszka, Peter"]
[Result "1/2-1/2"]
[WhiteElo "2549"]
[BlackElo "2597"]
[PlyCount "44"]
[EventDate "2014.11.20"]
[EventType "team"]
[EventRounds "11"]
[EventCountry "AUT"]
[WhiteTeam "SK Hohenems"]
[BlackTeam "SV Jacques Lemans St. Veit"]

1.e4 c6 2.d4 d5 3.Nc3 dxe4 4.Nxe4 Bf5 5.Ng3 Bg6 6.Nh3 Nf6 7.Bc4 e6 8.O-O Bd6 9.f4
Qc7 10.Kh1 O-O 11.f5 exf5 12.Nxf5 Nbd7 13.Nxd6 Qxd6 14.Bf4 Qb4 15.Bb3 a5 16.c3 Qb6
17.Bd6 Rfe8 18.Nf4 Be4 19.Nh5 Bg6 20.Nf4 Be4 21.Nh5 Bg6 22.Nf4 Be4 1/2-1/2

[Event "1. Bundesliga 2014/2015"]
[Site "Feffernitz, St. Veit/Glan, Mayrhofen"]
[Date "2015.02.28"]
[Round "7"]
[Board "2"]
[White "Antoniewski, Rafal"]
[Black "Bindrich, Falko"]
[Result "1/2-1/2"]
[WhiteElo "2543"]
[BlackElo "2609"]
[PlyCount "63"]
[EventDate "2014.11.20"]
[EventType "team"]
[EventRounds "11"]
[EventCountry "AUT"]
[WhiteTeam "SV Jacques Lemans St. Veit"]
[BlackTeam "SK Hohenems"]

1.e4 e5 2.Nf3 Nc6 3.Nc3 Nf6 4.d4 exd4 5.Nxd4 Bb4 6.Nxc6 bxc6 7.Bd3 d5 8.exd5 cxd5
9.O-O O-O 10.h3 Rb8 11.Qf3 Bb7 12.Nb5 d4 13.Qg3 a6 14.Nxd4 Qxd4 15.c3 Bxc3 16.bxc3
Qd5 17.Bc2 Ne4 18.Bxe4 Qxe4 19.Bf4 Rfe8 20.Kh2 Qg6 21.Bxc7 Rbc8 22.Rfe1 Be4 23.f3
Qxg3+ 24.Bxg3 Bd5 25.Rxe8+ Rxe8 26.a3 f6 27.Rd1 Bc4 28.Rd4 Rc8 29.Rd6 Rc5 30.Rd8+
Kf7 31.Rd7+ Kg8 32.Rd8+ 1/2-1/2

[Event "1. Bundesliga 2014/2015"]
[Site "Feffernitz, St. Veit/Glan, Mayrhofen"]
[Date "2015.02.28"]
[Round "7"]
[Board "3"]
[White "Martinovic, Sasa"]
[Black "Bosiocic, Marin"]
[Result "1-0"]
[WhiteElo "2520"]
[BlackElo "2556"]
[PlyCount "97"]
[EventDate "2014.11.20"]
[EventType "team"]
[EventRounds "11"]
[EventCountry "AUT"]
[WhiteTeam "SK Hohenems"]
[BlackTeam "SV Jacques Lemans St. Veit"]

1.d4 d5 2.c4 c6 3.Nc3 Nf6 4.e3 a6 5.Qc2 e6 6.Nf3 c5 7.cxd5 exd5 8.Be2 Nc6 9.Ne5 Be6
10.Nxc6 bxc6 11.O-O Qc7 12.e4 cxd4 13.Nxd5 Nxd5 14.exd5 Bxd5 15.Bc4 Qd7 16.Re1+ Be7
17.Bxd5 Qxd5 18.Bd2 c5 19.Rac1 Ra7 20.Qxc5 Qxc5 21.Rxc5 O-O 22.Rc4 Bf6 23.b4 h6 24.Kf1
Rd8 25.Rec1 Rdd7 26.Ke2 d3+ 27.Kd1 Bd4 28.Rxd4 Rxd4 29.Be3 Rad7 30.Bxd4 Rxd4 31.a3
Re4 32.Kd2 Re2+ 33.Kxd3 Rxf2 34.Rc8+ Kh7 35.Rc2 Rf4 36.Rb2 Kg6 37.a4 Kf5 38.b5 axb5
39.axb5 Ke5 40.b6 Rd4+ 41.Kc3 Rd8 42.Kc4 f5 43.b7 Rb8 44.Kc5 f4 45.Kc6 g5 46.h3 f3
47.gxf3 Kf4 48.Kc7 Rxb7+ 49.Rxb7 1-0

[Event "1. Bundesliga 2014/2015"]
[Site "Feffernitz, St. Veit/Glan, Mayrhofen"]
[Date "2015.02.28"]
[Round "7"]
[Board "4"]
[White "Rogic, Davor"]
[Black "Froewis, Georg"]
[Result "1-0"]
[WhiteElo "2547"]
[BlackElo "2434"]
[PlyCount "81"]
[EventDate "2014.11.20"]
[EventType "team"]
[EventRounds "11"]
[EventCountry "AUT"]
[WhiteTeam "SV Jacques Lemans St. Veit"]
[BlackTeam "SK Hohenems"]

1.e4 e6 2.d4 d5 3.Nd2 Nc6 4.Ngf3 Nf6 5.e5 Nd7 6.Be2 f6 7.exf6 Qxf6 8.Nf1 Bd6 9.Ne3
O-O 10.O-O Qg6 11.b3 Nf6 12.Bb2 Ne4 13.a3 Bf4 14.Qd3 Ne7 15.g3 Nf5 16.Ng2 Bd6 17.c4
c6 18.c5 Bc7 19.b4 Qf6 20.Ne5 b6 21.cxb6 axb6 22.Nxc6 Ng5 23.Ne5 Nh3+ 24.Kh1 Nd6 25.f3
Ba6 26.Qd2 Ne4 27.Qe3 Bxe2 28.Qxe2 Bxe5 29.dxe5 Nhf2+ 30.Rxf2 Nxf2+ 31.Qxf2 Qxf3 32.Qxb6
Rac8 33.Qe3 Rc2 34.Qxf3 Rxf3 35.Bd4 Rc4 36.Bg1 d4 37.Nf4 Kf7 38.Ne2 Rf5 39.Nxd4 Rxe5
40.b5 Rd5 41.b6 1-0

[Event "1. Bundesliga 2014/2015"]
[Site "Feffernitz, St. Veit/Glan, Mayrhofen"]
[Date "2015.02.28"]
[Round "7"]
[Board "5"]
[White "Kessler, Luca"]
[Black "Hoelzl, Franz"]
[Result "1-0"]
[WhiteElo "2324"]
[BlackElo "2333"]
[PlyCount "73"]
[EventDate "2014.11.20"]
[EventType "team"]
[EventRounds "11"]
[EventCountry "AUT"]
[WhiteTeam "SK Hohenems"]
[BlackTeam "SV Jacques Lemans St. Veit"]

1.d4 Nf6 2.c4 e6 3.Nc3 Bb4 4.Qc2 c5 5.dxc5 Qc7 6.Nf3 Bxc5 7.g3 Ng4 8.e3 O-O 9.Bg2
Bb4 10.a3 Be7 11.b3 a6 12.O-O d6 13.Bb2 Nd7 14.Nd4 Re8 15.Qe2 Ngf6 16.g4 g6 17.h3
Bf8 18.f4 e5 19.fxe5 dxe5 20.Nc2 e4 21.g5 Qg3 22.gxf6 Bd6 23.Rf4 Nc5 24.Qf2 Bxf4 25.Qxf4
Qxf4 26.exf4 Nxb3 27.Rd1 Be6 28.Ne3 Nc5 29.Ncd5 Nd3 30.Bd4 Bxd5 31.Nxd5 Rad8 32.Bb6
Rd7 33.Ne7+ Rdxe7 34.fxe7 f5 35.Rxd3 exd3 36.Bd5+ Kg7 37.Bd4+ 1-0

[Event "1. Bundesliga 2014/2015"]
[Site "Feffernitz, St. Veit/Glan, Mayrhofen"]
[Date "2015.02.28"]
[Round "7"]
[Board "6"]
[White "Hebesberger, Thomas"]
[Black "Novkovic, Milan"]
[Result "1/2-1/2"]
[WhiteElo "2338"]
[BlackElo "2380"]
[PlyCount "85"]
[EventDate "2014.11.20"]
[EventType "team"]
[EventRounds "11"]
[EventCountry "AUT"]
[WhiteTeam "SV Jacques Lemans St. Veit"]
[BlackTeam "SK Hohenems"]

1.d4 d5 2.Nf3 Nf6 3.e3 c6 4.c4 Bf5 5.Qb3 Qb6 6.Nc3 e6 7.Nh4 Bg6 8.Nxg6 hxg6 9.Bd2
Nbd7 10.g3 Be7 11.Bg2 O-O 12.Qxb6 axb6 13.b3 Ba3 14.Rb1 Bb4 15.cxd5 Bxc3 16.Bxc3 Nxd5
17.Bxd5 exd5 18.a4 f5 19.O-O g5 20.h3 g4 21.Kg2 Kf7 22.Rh1 Rh8 23.Bb4 Ke6 24.hxg4
fxg4 25.f3 gxf3+ 26.Kxf3 Nf6 27.Rh4 Rxh4 28.gxh4 Rh8 29.Rg1 Rxh4 30.Rxg7 Rh3+ 31.Ke2
Rh7 32.Rxh7 Nxh7 33.Be1 Nf6 34.Bh4 Ne4 35.Bd8 b5 36.axb5 cxb5 37.Ba5 Kf5 38.Bb4 Kg4
39.Be1 Kg5 40.Ba5 Kf5 41.Bb4 Ng5 42.Be7 Ne4 43.Bb4 1/2-1/2

[Event "1. Bundesliga 2014/2015"]
[Site "Feffernitz, St. Veit/Glan, Mayrhofen"]
[Date "2015.02.28"]
[Round "7"]
[Board "1"]
[White "Votava, Jan"]
[Black "Stevic, Hrvoje"]
[Result "1/2-1/2"]
[WhiteElo "2524"]
[BlackElo "2594"]
[PlyCount "84"]
[EventDate "2014.11.20"]
[EventType "team"]
[EventRounds "11"]
[EventCountry "AUT"]
[WhiteTeam "Mayrhofen/SK Zell/Zillertal"]
[BlackTeam "SV Wolfsberg"]

1.d4 d5 2.Nf3 Nf6 3.c4 dxc4 4.e3 e6 5.Bxc4 c5 6.O-O a6 7.Bb3 cxd4 8.exd4 Nc6 9.Nc3
Be7 10.Re1 O-O 11.a3 b5 12.d5 exd5 13.Nxd5 Nxd5 14.Bxd5 Bb7 15.Bf4 Rc8 16.Qd2 Na5
17.Bxb7 Nxb7 18.Rad1 Qxd2 19.Rxd2 Bf6 20.Bg5 Bxg5 21.Nxg5 Rfd8 22.Rxd8+ Rxd8 23.Kf1
h6 24.Ne4 Rd4 25.f3 Nd6 26.Nxd6 Rxd6 27.Re8+ Kh7 28.Ke2 Kg6 29.Ke3 Kf6 30.Ra8 h5 31.h4
g6 32.Ra7 Ke6 33.g3 f5 34.b3 Ke5 35.Re7+ Kf6 36.Ra7 Ke5 37.Re7+ Kf6 38.Re8 Re6+ 39.Rxe6+
Kxe6 40.Kf4 Kf6 41.a4 bxa4 42.bxa4 a5 1/2-1/2

[Event "1. Bundesliga 2014/2015"]
[Site "Feffernitz, St. Veit/Glan, Mayrhofen"]
[Date "2015.02.28"]
[Round "7"]
[Board "2"]
[White "Jovanovic, Zoran"]
[Black "Lanka, Zigurds"]
[Result "1/2-1/2"]
[WhiteElo "2530"]
[BlackElo "2422"]
[PlyCount "69"]
[EventDate "2014.11.20"]
[EventType "team"]
[EventRounds "11"]
[EventCountry "AUT"]
[WhiteTeam "SV Wolfsberg"]
[BlackTeam "Mayrhofen/SK Zell/Zillertal"]

1.e4 c5 2.Nf3 e6 3.d4 cxd4 4.Nxd4 a6 5.c4 b6 6.Nc3 Bb7 7.Be3 Qc7 8.Be2 Nf6 9.f3 d6
10.O-O Be7 11.Qd2 O-O 12.Rfc1 Nbd7 13.a4 Rab8 14.Bf1 Ba8 15.Kh1 Kh8 16.b4 Ne5 17.a5
bxa5 18.b5 axb5 19.Ncxb5 Qd8 20.Rxa5 Bb7 21.Ra7 Nfd7 22.Nb3 Nc6 23.Ra2 Nde5 24.Rd1
Ba8 25.N3d4 Nxd4 26.Bxd4 Bc6 27.Qc3 f6 28.Bxe5 fxe5 29.Nxd6 Bxd6 30.c5 Qf6 31.cxd6
Bxe4 32.Re2 Bd5 33.Qxe5 Qxe5 34.Rxe5 Rfd8 35.Kg1 1/2-1/2

[Event "1. Bundesliga 2014/2015"]
[Site "Feffernitz, St. Veit/Glan, Mayrhofen"]
[Date "2015.02.28"]
[Round "7"]
[Board "4"]
[White "Steflitsch, Erich"]
[Black "Platzgummer, Fabian"]
[Result "1/2-1/2"]
[WhiteElo "2343"]
[BlackElo "2332"]
[PlyCount "50"]
[EventDate "2014.11.20"]
[EventType "team"]
[EventRounds "11"]
[EventCountry "AUT"]
[WhiteTeam "SV Wolfsberg"]
[BlackTeam "Mayrhofen/SK Zell/Zillertal"]

1.Nf3 d5 2.d4 Nf6 3.c4 dxc4 4.e3 Be6 5.Nbd2 c5 6.Nxc4 Nc6 7.Nce5 Nxe5 8.Nxe5 cxd4
9.exd4 Nd7 10.Bd2 a6 11.Be2 Bd5 12.O-O e6 13.Bh5 g6 14.Bf3 Nxe5 15.Bxd5 Qxd5 16.dxe5
O-O-O 17.Rc1+ Kb8 18.Bg5 Qxd1 19.Rfxd1 Rxd1+ 20.Rxd1 Bg7 21.f4 Kc7 22.Rc1+ Kd7 23.Rd1+
Kc7 24.Rc1+ Kd7 25.Rd1+ Kc7 1/2-1/2

[Event "1. Bundesliga 2014/2015"]
[Site "Feffernitz, St. Veit/Glan, Mayrhofen"]
[Date "2015.02.28"]
[Round "7"]
[Board "5"]
[White "Tabernig, Bernhard"]
[Black "Hresc, Vladimir"]
[Result "1/2-1/2"]
[WhiteElo "2328"]
[BlackElo "2400"]
[PlyCount "112"]
[EventDate "2014.11.20"]
[EventType "team"]
[EventRounds "11"]
[EventCountry "AUT"]
[WhiteTeam "Mayrhofen/SK Zell/Zillertal"]
[BlackTeam "SV Wolfsberg"]

1.d4 Nf6 2.c4 e6 3.Nc3 d5 4.cxd5 exd5 5.Bg5 c6 6.e3 Be7 7.Qc2 Nbd7 8.Bd3 h6 9.Bh4
Nh5 10.Bxe7 Qxe7 11.Nge2 Nf8 12.h3 Nf6 13.O-O-O Bd7 14.Kb1 O-O-O 15.Na4 Ne6 16.Nc1
Kb8 17.Rhe1 Qd6 18.Qb3 Rhe8 19.Re2 Bc8 20.Rc2 Re7 21.Bf1 Nc7 22.Nd3 Bf5 23.Rdc1 Bxd3
24.Bxd3 Ka8 25.Nc5 Ne6 26.Qa4 Nxc5 27.Rxc5 Rc7 28.Qc2 g6 29.a3 Rdc8 30.f3 Re8 31.Qf2
Rce7 32.Re1 Nh5 33.Rcc1 Qg3 34.Qd2 f5 35.Rc3 Nf6 36.Rb3 h5 37.Bc2 Qd6 38.f4 h4 39.Rf1
Nh5 40.Ka2 Ng3 41.Rf3 Re6 42.a4 Qe7 43.a5 c5 44.Rb5 Ne4 45.Bxe4 dxe4 46.Rf2 cxd4 47.Qxd4
Rd6 48.Qc4 Rc6 49.Qb3 Rd8 50.Rc2 Qc7 51.Rxc6 Qxc6 52.Re5 a6 53.Re6 Rd6 54.Rxd6 Qxd6
55.Qc4 Ka7 56.Kb3 Qd1+ 1/2-1/2

[Event "1. Bundesliga 2014/2015"]
[Site "Feffernitz, St. Veit/Glan, Mayrhofen"]
[Date "2015.02.28"]
[Round "7"]
[Board "6"]
[White "Reichmann, Egon"]
[Black "Kupfner, Franz"]
[Result "1/2-1/2"]
[WhiteElo "2283"]
[BlackElo "2200"]
[PlyCount "105"]
[EventDate "2014.11.20"]
[EventType "team"]
[EventRounds "11"]
[EventCountry "AUT"]
[WhiteTeam "SV Wolfsberg"]
[BlackTeam "Mayrhofen/SK Zell/Zillertal"]

1.d4 d5 2.Nf3 Nf6 3.c4 e6 4.Nc3 Be7 5.Bg5 O-O 6.e3 Nbd7 7.Qc2 c6 8.Rd1 h6 9.Bf4 Nh5
10.Be5 f6 11.Bg3 Nxg3 12.hxg3 f5 13.Bd3 a6 14.O-O Qe8 15.Ne2 Bd6 16.Nd2 Nf6 17.Rfe1
Bd7 18.c5 Bc7 19.b4 g5 20.a4 Qe7 21.Rb1 h5 22.b5 axb5 23.axb5 h4 24.b6 Bb8 25.gxh4
gxh4 26.Nf4 Qg7 27.Nf3 Qh6 28.Qd2 Kh8 29.Ne5 Bxe5 30.dxe5 Ne4 31.Bxe4 fxe4 32.Ra1
Rab8 33.g3 Be8 34.Qe2 Rg8 35.Kg2 h3+ 36.Kh2 Rg5 37.Ra7 Bh5 38.Qa2 Rgg8 39.Ra1 Bg4
40.Qb2 Bf5 41.R1a5 Bg4 42.Qa1 Qf8 43.Qa4 Qe8 44.Qa2 Bf5 45.Qb2 Bg4 46.Ra1 Qf7 47.Rg1
Qe7 48.Qc3 Qf7 49.Rga1 Qe8 50.R1a5 Bf5 51.Qa1 Bg4 52.Qf1 Rg7 53.Qa1 1/2-1/2

[Event "1. Bundesliga 2014/2015"]
[Site "Feffernitz, St. Veit/Glan, Mayrhofen"]
[Date "2015.02.28"]
[Round "7"]
[Board "1"]
[White "Schneider, Ilja"]
[Black "Lenic, Luka"]
[Result "1/2-1/2"]
[WhiteElo "2495"]
[BlackElo "2648"]
[PlyCount "63"]
[EventDate "2014.11.20"]
[EventType "team"]
[EventRounds "11"]
[EventCountry "AUT"]
[WhiteTeam "ASVOE Wulkaprodersdorf"]
[BlackTeam "SV Raika Rapid Feffernitz"]

1.d4 Nf6 2.Bg5 Ne4 3.Bf4 d5 4.e3 c5 5.Nd2 Nxd2 6.Qxd2 cxd4 7.exd4 Nc6 8.Nf3 Bf5 9.c3
e6 10.Bd3 Bxd3 11.Qxd3 Bd6 12.Bxd6 Qxd6 13.O-O Rb8 14.a4 f6 15.Rfe1 O-O 16.Re2 Rfe8
17.Rae1 Rbd8 18.Qb5 Rd7 19.h3 a6 20.Qb3 Kh8 21.c4 dxc4 22.Qxc4 Rde7 23.Re4 Nb4 24.Ne5
a5 25.Nd3 Nxd3 26.Qxd3 Qd5 27.b3 Kg8 28.Qc4 Kf8 29.Qxd5 exd5 30.Rxe7 Rxe7 31.Rxe7
Kxe7 32.f4 1/2-1/2